| 000 -LEADER |
| fixed length control field |
00421nmm a2200145 a 4500 |
| 020 ## - INTERNATIONAL STANDARD BOOK NUMBER |
| ISBN |
979-8338512968 |
| 100 1# - MAIN ENTRY--AUTHOR NAME |
| Personal name |
Das, R.C. |
| 245 10 - TITLE STATEMENT |
| Title |
Environmental Science |
| 260 ## - PUBLICATION, DISTRIBUTION, ETC. (IMPRINT) |
| Place of publication |
[S.l.] : |
| Name of publisher |
PHI Learning Private Limited, |
| Year of publication |
2013. |
| 300 ## - PHYSICAL DESCRIPTION |
| Number of Pages |
1 online resource (463 p.) |
| 650 ## - SUBJECT ADDED ENTRY--TOPICAL TERM |
| Topical Term |
Environmental Science |
| 700 1# - ADDED ENTRY--PERSONAL NAME |
| Personal name |
Bhera, D.K |
| 856 40 - ELECTRONIC LOCATION AND ACCESS |
| Uniform Resource Identifier |
http://www.amazon.com/exec/obidos/ASIN/B00DVNUNG4/chopaconline-20 |
| 942 ## - ADDED ENTRY ELEMENTS (KOHA) |
| Koha item type |
Books |